| 000 | 00892nam a2200265 a 4500 | ||
|---|---|---|---|
| 001 | BRL_1513 | ||
| 005 | 20190320211237.0 | ||
| 008 | 130214s1963----mx-#######---#000-0#spa-# | ||
| 041 | _aspa | ||
| 044 | _amx | ||
| 050 | 4 |
_aF1435 _b.L53 1963 |
|
| 245 | 1 | 0 |
_aEl libro de los liros de Chilam Balam _ctraducción de sus textos paralelos por Alfredo Barrera Vásquez y Silvia Rendón ; basada en el estudio, cotejo y reconstrucción hechos por el primero, con introducciones y notas |
| 250 | _a2a ed. | ||
| 260 |
_aMéxico _bFCE _c1963 |
||
| 300 |
_a212 p. _c17 cm. |
||
| 440 | 0 |
_aColección popular _v42 _927139 |
|
| 500 | _aAu1694 | ||
| 504 | _aBiliografía: p. 197-209 | ||
| 650 | 1 | 4 |
_aMayas _xAntigüedades _99555 |
| 650 | 1 | 4 |
_aMayas _xReligión y Mitología _925486 |
| 700 | 1 |
_aBarrera Vásquez, Alfredo _926272 |
|
| 700 | 1 |
_aRendón, Silvia _927140 |
|
| 902 | _aGRL | ||
| 942 |
_2lcc _cB |
||
| 999 |
_c10323 _d10323 |
||